Z RUKOPISNEJ POZOSTALOSTI JÁNA ČAPLOVIČA

Bibliographic Details
Main Author: Markov, Jozef (Author)
Format: Article
Language:Slovak

MARC

LEADER 00000nab a2200000ua 4500
001 vtls010775040
003 SK-MaSNL
005 20260303151839.0
008 230222s1956 xo |||||||||||||||||slo|
035 |a (urnnbn)urn:nbn:sk:snk:ar-a038lk 
035 |a (uuid)00e59bdf-fc1f-41ae-a38d-c74201470980 
035 |a urn:nbn:sk:snk-ab555f 
040 |a SNKBUCL  |b slo  |c SNKBUCL  |e AACR2 
041 0 |a slo 
044 |a xo  |c SK 
100 1 |a Markov, Jozef  |4 aut  |9 580748 
245 1 0 |a Z RUKOPISNEJ POZOSTALOSTI JÁNA ČAPLOVIČA  |c Jozef Markov 
773 0 |t Slovenský národopis : časopis Slovenskej akadémie vied  |g Roč. 4, č. 4-5 (1956), s. 509-511 
954 |a odborná, vedecká literatúra pôvodná (slovenská)  |2 lita 
958 |a OND 
958 |a EUIPO 
958 |a article3 
999 |c 2020149  |d 2022079